| 000 | 00728nam a22002417a 4500 | ||
|---|---|---|---|
| 999 |
_c1052 _d1052 |
||
| 001 | 1052 | ||
| 003 | BD-JhCC | ||
| 005 | 20171015110044.0 | ||
| 008 | 171014s2011 bg a|||| ||a| 00| 0 ben d | ||
| 020 | _a9879845020053 | ||
| 035 | _a(BD-JhCC)1052 | ||
| 040 |
_aBD-JhCC _dBD-JhCC |
||
| 041 | _aben | ||
| 082 |
_a891.4409 _bSAI 2011 |
||
| 100 | _aসায়ীদ,আবদুল্লাহ আবু | ||
| 245 |
_aরচনা সমগ্র- ৫ / _cআবদুল্লাহ আবু সায়ীদ |
||
| 260 |
_aঢাকা : _bঅন্য প্রকাশ, _c2011 |
||
| 300 |
_a336 p. : _c24 cm. |
||
| 490 | _a5 | ||
| 650 |
_aBengali Literature _xCollective of essays |
||
| 942 |
_2ddc _cBK |
||